Loading...
Any History | 7 | 12.86 | 100% | 29% | 0% |
Current Events | 3 | 20.00 | 100% | 67% | 33% |
Fine Arts - Classical Music | 7 | 14.29 | 100% | 43% | 0% |
Fine Arts - Other Fine Arts | 11 | 14.55 | 91% | 55% | 0% |
Geography | 2 | 25.00 | 100% | 100% | 50% |
History - American History | 7 | 18.57 | 100% | 43% | 43% |
History - European History | 9 | 17.78 | 100% | 56% | 22% |
History - World History | 6 | 15.00 | 100% | 33% | 17% |
Literature - American Literature | 9 | 11.11 | 78% | 33% | 0% |
Literature - British Literature | 7 | 12.86 | 100% | 29% | 0% |
Literature - European Literature | 6 | 8.33 | 83% | 0% | 0% |
Literature - World Literature | 10 | 12.00 | 80% | 40% | 0% |
Mythology | 4 | 12.50 | 100% | 25% | 0% |
Other Academic | 6 | 13.33 | 83% | 50% | 0% |
Painting & Sculpture | 4 | 17.50 | 100% | 75% | 0% |
Philosophy | 7 | 10.00 | 86% | 14% | 0% |
Religion | 8 | 16.25 | 100% | 63% | 0% |
Science - Biology | 10 | 18.00 | 100% | 80% | 0% |
Science - Chemistry | 6 | 15.00 | 100% | 50% | 0% |
Science - Other Science | 5 | 16.00 | 100% | 60% | 0% |
Science - Physics | 7 | 18.57 | 100% | 86% | 0% |
Social Science | 9 | 16.67 | 100% | 67% | 0% |